Die Sammlung Dr. Albert Figdor-Wien (Record no. 4775)
[ view plain ]
| 000 -CABECERA | |
|---|---|
| campo de control de longitud fija | 01651nam a2200253 a 4500 |
| 001 - NÚMERO DE CONTROL | |
| campo de control | BRCA_5081 |
| 005 - FECHA Y HORA DE LA ÚLTIMA TRANSACCIÓN | |
| campo de control | 20190320204930.0 |
| 008 - DATOS DE LONGITUD FIJA--INFORMACIÓN GENERAL | |
| campo de control de longitud fija | 771010s1930####au-cf####c---#000-0#ger-# |
| 041 ## - CÓDIGO DE LENGUA | |
| Código de lengua del texto/banda sonora o título independiente | ger |
| 044 ## - CÓDIGO DEL PAÍS DE LA ENTIDAD EDITORA/PRODUCTORA | |
| Código MARC del país | au |
| 050 #4 - SIGNATURA TOPOGRÁFICA DE LA BIBLIOTECA DEL CONGRESO | |
| Número de clasificación | N5252 |
| Número de documento/Ítem | .S26 1930 |
| 245 10 - MENCIÓN DE TÍTULO | |
| Título | Die Sammlung Dr. Albert Figdor-Wien |
| Resto del título | Erster Teil |
| Mención de responsabilidad, etc. | herausgegeben von Otto von Falke. |
| 260 ## - PUBLICACIÓN, DISTRIBUCIÓN, ETC. | |
| Lugar de publicación, distribución, etc. | Viena, Austria |
| Nombre del editor, distribuidor, etc. | Artaria |
| Fecha de publicación, distribución, etc. | 1930 |
| 300 ## - DESCRIPCIÓN FÍSICA | |
| Extensión | 5 v. |
| Otras características físicas | il., láminas |
| Dimensiones | 33 cm. |
| 500 ## - NOTA GENERAL | |
| Nota general | Estado físico: Encuadernación deteriorada |
| 500 ## - NOTA GENERAL | |
| Nota general | DD37 |
| 505 0# - NOTA DE CONTENIDO CON FORMATO | |
| Nota de contenido con formato | Contenido: v.1. Bildteppiche, samt-und seidenstoffe, stickereien, spitzen, knüpfteppiche, blei und zinn, goldschmiedearbeiten, kirchliches und weltliches silbergereät, subasta-exposición realizada del 5 junio - 13 junio, 1930. -- v.2. Möbel, subasta-exposición realizada del 5 junio - 13 junio, 1930. -- v.3. Gemälde, subasta exposición realizada del 20 septiembre - 30 septiembre, 1930. -- v.4. Italienische skulpturen und plastiken in stein, holz, stucco/deutsche, niederländische, französische skulpturen, subasta exposición realizada del 20 septiembre - 30 septiembre, 1930. -- v.5. Kästchen und schachteln des 14-16. jahrhunderts, kästchen aus metall, glocken, mörser, bronzegerät des mittelalters, bronzeplatten von epitaphien, wappen und totenschilder, subasta exposición realizada del 20 septiembre - 30 septiembre, 1930 |
| 600 14 - PUNTO DE ACCESO ADICIONAL DE MATERIA--NOMBRE DE PERSONA | |
| Nombre de persona | Figdor, Albert |
| Títulos y otros términos asociados al nombre | 1843-1927 |
| Subdivisión general | Colecciones de arte |
| 9 (RLIN) | 12951 |
| 650 14 - PUNTO DE ACCESO ADICIONAL DE MATERIA--TÉRMINO DE MATERIA | |
| Término de materia o nombre geográfico como elemento de entrada | Arte |
| Subdivisión de forma | Catálogos |
| Subdivisión general | Coleccionistas y colecciones |
| 9 (RLIN) | 12952 |
| 650 14 - PUNTO DE ACCESO ADICIONAL DE MATERIA--TÉRMINO DE MATERIA | |
| Término de materia o nombre geográfico como elemento de entrada | Arte |
| Subdivisión de forma | Catálogos |
| Subdivisión general | Subastas |
| 9 (RLIN) | 12953 |
| 700 1# - PUNTO DE ACCESO ADICIONAL--NOMBRE DE PERSONA | |
| Nombre de persona | Falke, Otto von |
| Fechas asociadas al nombre | 1862-1942 |
| Término indicativo de función/relación | Editor |
| 9 (RLIN) | 12954 |
| 902 ## - CATALOGADOR | |
| Iniciales | GFM |
| 942 ## - ELEMENTOS DE PUNTO DE ACCESO ADICIONAL (KOHA) | |
| Fuente del sistema de clasificación o colocación | Library of Congress Classification |
| Tipo de ítem Koha | Libros |
| Estado de retiro | Estado de pérdida | Estado dañado | No para préstamo | Localización permanente | Ubicación/localización actual | Fecha de adquisición | Número de inventario | Total de préstamos | Signatura topográfica completa | Código de barras | Fecha visto por última vez | Precio válido a partir de | Tipo de ítem Koha |
|---|---|---|---|---|---|---|---|---|---|---|---|---|---|
| El ejemplar forma parte de la colección y puede ser consultado según las políticas vigentes. | Biblioteca del Museo Franz Mayer (Rogerio Casas-Alatriste) | Biblioteca del Museo Franz Mayer (Rogerio Casas-Alatriste) | 10/11/2010 | DD37 | N5252 .S26 1930 (DD37) | 5198 | 22/03/2019 | 22/03/2019 | Libros |